The Man Qualities (vol. 1). (Record no. 5445)

MARC details
000 -CABECERA
campo de control de longitud fija 00682nam a2200241 a 4500
001 - NÚMERO DE CONTROL
campo de control BRCA_5755
005 - FECHA Y HORA DE LA ÚLTIMA TRANSACCIÓN
campo de control 20190320205213.0
008 - DATOS DE LONGITUD FIJA--INFORMACIÓN GENERAL
campo de control de longitud fija 070311t1953----enk#######---#000-1#----#
041 ## - CÓDIGO DE LENGUA
Código de lengua del texto/banda sonora o título independiente eng
Código de lengua original ger
044 ## - CÓDIGO DEL PAÍS DE LA ENTIDAD EDITORA/PRODUCTORA
Código MARC del país enk
050 #4 - SIGNATURA TOPOGRÁFICA DE LA BIBLIOTECA DEL CONGRESO
Número de clasificación PT2625 U8
Número de documento/Ítem .M313
-- 1953
100 1# - ENTRADA PRINCIPAL--NOMBRE DE PERSONA
Nombre de persona Musil, Robert.
9 (RLIN) 14599
245 10 - MENCIÓN DE TÍTULO
Título The Man Qualities (vol. 1).
260 ## - PUBLICACIÓN, DISTRIBUCIÓN, ETC.
Lugar de publicación, distribución, etc. London
Nombre del editor, distribuidor, etc. Secker and Warburg
Fecha de publicación, distribución, etc. 1953
300 ## - DESCRIPCIÓN FÍSICA
Extensión 365 p.
Dimensiones 22 cm.
500 ## - NOTA GENERAL
Nota general Traducción del Aleman por Eithne Wilkins y Ernst Kaiser.
500 ## - NOTA GENERAL
Nota general H70
650 14 - PUNTO DE ACCESO ADICIONAL DE MATERIA--TÉRMINO DE MATERIA
Término de materia o nombre geográfico como elemento de entrada Literatura
Subdivisión de forma Novela
Subdivisión geográfica London
9 (RLIN) 14600
700 1# - PUNTO DE ACCESO ADICIONAL--NOMBRE DE PERSONA
Nombre de persona Wilkins, Eithne.
Término indicativo de función/relación trad.
9 (RLIN) 14601
700 1# - PUNTO DE ACCESO ADICIONAL--NOMBRE DE PERSONA
Nombre de persona Kaiser, Ernst.
Término indicativo de función/relación trad.
9 (RLIN) 14602
902 ## - CATALOGADOR
Iniciales GFM
942 ## - ELEMENTOS DE PUNTO DE ACCESO ADICIONAL (KOHA)
Fuente del sistema de clasificación o colocación Library of Congress Classification
Tipo de ítem Koha Libros
Holdings
Estado de retiro Estado de pérdida Estado dañado No para préstamo Localización permanente Ubicación/localización actual Fecha de adquisición Número de inventario Total de préstamos Signatura topográfica completa Código de barras Fecha visto por última vez Precio válido a partir de Tipo de ítem Koha
El ejemplar forma parte de la colección y puede ser consultado según las políticas vigentes.       Biblioteca del Museo Franz Mayer (Rogerio Casas-Alatriste) Biblioteca del Museo Franz Mayer (Rogerio Casas-Alatriste) 07/03/2011 H70   PT2625 U8 .M313 1953 (H70) 6194 22/03/2019 22/03/2019 Libros